00495nam a2200169Ia 450000500170000000800410001702000150005808200130007324500240008625000090011026000480011930000190016770000230018694200060020995200950021599900150031020240404041502.0240331s9999 xx 000 0 und d a8189487140 bKARa331 0aKarl Marx on India  a1 St aIndia :bAligarh Historians Society /c2006 axviii, 308 p., aHusain, Iqbaleedt cL 001040708LaWERCLbWERCLcSSCd2024-03-31l0o 331 KARp6652r2024-03-31w2024-03-31yL c5663d5663